LEADER 01385nam--2200397---450- 001 990000275090203316 005 20090731091125.0 010 $a88-8233-112-1 035 $a0027509 035 $aUSA010027509 035 $a(ALEPH)000027509USA01 035 $a0027509 100 $a20001011d2000----km-y0itay0103----ba 101 0 $aita 102 $aIT 105 $a||||||||001yy 200 1 $a<> collaborazione coordinata e continuativa$eamministratori e sindaci di societáa, associazioni ed enti, collaboratori ...$esesta edizione aggiornata con le disposizioni della legge 23 dicembre 1999, n. 488$fMario Frascarelli 210 $aMilano$cFAG$dcopyr. 2000 215 $a158 p.$d24 cm 606 $aLavoratori autonomi$xLegislazione 606 0 $aProfessionisti$xLegislazione 676 $a344.4501712 700 1$aFRASCARELLI,$bMario$0381080 801 0$aIT$bsalbc$gISBD 912 $a990000275090203316 951 $aXXV.2.C 178 (IG III 828)$b25282 G.$cXXV.2.C 178 (IG III)$d00003023 959 $aBK 969 $aGIU 979 $aTAMI$b40$c20001011$lUSA01$h1201 979 $aTAMI$b40$c20001011$lUSA01$h1202 979 $c20001110$lUSA01$h1716 979 $c20020403$lUSA01$h1635 979 $aPATRY$b90$c20040406$lUSA01$h1619 979 $aRSIAV5$b90$c20090731$lUSA01$h0911 996 $aCollaborazione coordinata e continuativa$9881744 997 $aUNISA LEADER 02013nam 2200625 a 450 001 9910782176903321 005 20230721032500.0 010 $a1-282-15193-2 010 $a9786612151934 010 $a90-272-9125-X 035 $a(CKB)1000000000534983 035 $a(SSID)ssj0000130690 035 $a(PQKBManifestationID)11135567 035 $a(PQKBTitleCode)TC0000130690 035 $a(PQKBWorkID)10082946 035 $a(PQKB)10911706 035 $a(MiAaPQ)EBC622379 035 $a(Au-PeEL)EBL622379 035 $a(CaPaEBR)ebr10206167 035 $a(OCoLC)648331544 035 $a(EXLCZ)991000000000534983 100 $a20070823d2007 uy 0 101 0 $aeng 135 $aurcn||||||||| 181 $ctxt 182 $cc 183 $acr 200 00$aCoreference, modality, and focus$b[electronic resource] $estudies on the syntax-semantics interface /$fedited by Luis Eguren, Olga Ferna?ndez Soriano 210 $aAmsterdam ;$aPhiladelphia $cJ. Benjamins Pub. Co.$dc2007 215 $axii, 239 p. $cill 225 1 $aLinguistik aktuell =$aLinguistics today,$x0166-0829 ;$vv. 111 300 $aBibliographic Level Mode of Issuance: Monograph 311 $a90-272-3375-6 320 $aIncludes bibliographical references and index. 410 0$aLinguistik aktuell ;$vBd. 111. 606 $aGrammar, Comparative and general$xSyntax 606 $aSemantics 606 $aReference (Linguistics) 606 $aModality (Linguistics) 606 $aFocus (Linguistics) 615 0$aGrammar, Comparative and general$xSyntax. 615 0$aSemantics. 615 0$aReference (Linguistics) 615 0$aModality (Linguistics) 615 0$aFocus (Linguistics) 676 $a415 701 $aEguren$b Luis$0591844 701 $aFerna?ndez Soriano$b Olga$0591845 801 0$bMiAaPQ 801 1$bMiAaPQ 801 2$bMiAaPQ 906 $aBOOK 912 $a9910782176903321 996 $aCoreference, modality, and focus$93820411 997 $aUNINA LEADER 01549nas0 22003733i 450 001 MIL0202251 005 20251003044228.0 011 $a0733-9453 017 70$aP 00064462$2P 100 $a20140728a19839999||||0itac50 ba 101 | $aeng 102 $aus 110 $aa|u|||||||| 181 1$6z01$ai $bxxxe 182 1$6z01$an 200 1 $aJournal of surveying engineering 207 0$aVol.109, n. 1(1983)- 210 $aNew York$cAmerican society of civil engineers$d1983- 215 $a volumi$cill.$d22 cm 300 $aIrregolare; trimestrale dal 1989 300 $aDal 2003: 28 cm. 430 0$1001AQ10009834$12001 $aJournal of the Surveying and Mapping Division$eproceedings of the American Society of Civil Engineers 676 $a526.905$9GEOGRAFIA MATEMATICA. RILEVAMENTI. Pubblicazioni in serie$v14 676 $a526.905$9GEOGRAFIA MATEMATICA. RILEVAMENTI. Pubblicazioni in serie$v22 712 02$aAmerican society of civil engineers$3MILV019254 791 02$aASCE$3MILV026063$zAmerican society of civil engineers 801 3$aIT$bIT-000000$c20140728 850 $aIT-BN0095 901 $bNAP 01$cPER. $nComprende periodici italiani e stranieri 912 $aMIL0202251 950 0$aBiblioteca Centralizzata di Ateneo$b133(2007) Lac$c133(2007) Lac$d 01PER. ING. JOUOSE$e 0102 0000084015 VPA A4(2007 133 (2007), mancano i fasc. 3-4$fC $h20110407$i20140728 977 $a 01 996 $aJournal of surveying engineering$9104856 997 $aUNISANNIO